| 000 | 01553nam a2200445 i 4500 | ||
|---|---|---|---|
| 999 |
_c51187 _d51187 |
||
| 001 | 51187 | ||
| 003 | ES-MaCES | ||
| 005 | 20190312140601.0 | ||
| 008 | 190312s2018 sp 000 | spa d | ||
| 017 |
_aB 24809-2018 _bDL |
||
| 020 | _a9788417700010 | ||
| 040 |
_aES-MaCES _bspa _cES-MaCES |
||
| 100 | 1 |
_937798 _aSánchez Mira, Núria |
|
| 245 | 1 | 0 |
_aTrabajo y hogar _b: un análisis de género y clase en un contexto de crisis _cNúria Sánchez Mira ; presentación de Alfons Labrador ; pr. de Joan Miquel Verd Pericàs y Fausto Miguélez |
| 260 |
_aBarcelona _bEl Viejo Topo _c[2018] |
||
| 300 |
_a168 p. _bgráf. col. _c22 cm |
||
| 500 | _aPremio Ángel Rozas a la Investigación en Ciencias Sociales 2016 | ||
| 504 | _aBibliografía: p. 155-165 | ||
| 541 | _cCompra | ||
| 650 | 4 |
_atrabajo _928289 |
|
| 650 | 4 |
_ahogar _927911 |
|
| 650 | 4 |
_aclase trabajadora _927300 |
|
| 650 | 4 |
_aeconomía domestica _928324 |
|
| 650 | 4 |
_acuidado no profesional _930651 |
|
| 650 | 4 |
_aresponsabilidades familiares _930598 |
|
| 650 | 4 |
_adivisión del trabajo _929376 |
|
| 650 | 4 |
_adivisión del trabajo por sexo _930439 |
|
| 650 | 4 |
_acambio social _927286 |
|
| 650 | 4 |
_aEspaña _926964 |
|
| 650 | 4 |
_aEuropa _926940 |
|
| 650 | 4 |
_a2007 _931880 |
|
| 650 | 4 |
_a2012 _931808 |
|
| 650 | 4 |
_ainvestigación sociológica _927260 |
|
| 653 | 1 | 0 | _aMujer |
| 700 | 1 |
_916030 _aLabrador, Alfons _epresentación |
|
| 700 | 1 |
_939517 _aVerd Pericàs, Joan Miquel _epr. |
|
| 700 | 1 |
_918587 _aMiguélez, Fausto _epr. |
|
| 902 | _aLIB Libro | ||
| 942 |
_2CES _cBK _h3.3. |
||